ARRUPE JESUIT UNIVERSITY

CORONAVIRUS -STOP THE SPREAD - CLEAN,DISINFECT,COVER

Christian maturity : (Record no. 121835)

MARC details
000 -LEADER
fixed length control field 00708cam a2200241ua 4500
001 - CONTROL NUMBER
control field 4420146
003 - CONTROL NUMBER IDENTIFIER
control field ARRUPE
005 - DATE AND TIME OF LATEST TRANSACTION
control field 20150121112842.0
008 - FIXED-LENGTH DATA ELEMENTS--GENERAL INFORMATION
fixed length control field 840103s1983 enk 000 0 eng d
020 ## - INTERNATIONAL STANDARD BOOK NUMBER
International Standard Book Number 0854392238
035 ## - SYSTEM CONTROL NUMBER
System control number (OCoLC)11091007
035 ## - SYSTEM CONTROL NUMBER
System control number (OCoLC)ocm11091007
035 ## - SYSTEM CONTROL NUMBER
System control number (NNC)4420146
040 ## - CATALOGING SOURCE
Original cataloging agency *VQE*
Transcribing agency *VQE*
Modifying agency NNUT
-- CStRLIN
090 ## - LOCALLY ASSIGNED LC-TYPE CALL NUMBER (OCLC); LOCAL CALL NUMBER (OCLC)
Classification number (OCLC) (R) ; Classification number, CALL (RLIN) (NR) BX2350.2
Local cutter number (OCLC) ; Book number/undivided call number, CALL (RLIN) .H33 1983
300 ## - PHYSICAL DESCRIPTION
Dimensions 21 cm.
100 1# - MAIN ENTRY--PERSONAL NAME
Personal name Häring, Bernhard,
Dates associated with a name 1912-
9 (RLIN) 14443
245 10 - TITLE STATEMENT
Title Christian maturity :
Remainder of title holiness in today's world /
Statement of responsibility, etc Bernard Häring.
260 ## - PUBLICATION, DISTRIBUTION, ETC. (IMPRINT)
Place of publication, distribution, etc Slough, England :
Name of publisher, distributor, etc St. Paul,
Date of publication, distribution, etc 1983.
300 ## - PHYSICAL DESCRIPTION
Extent 141 p. ;
650 #0 - SUBJECT ADDED ENTRY--TOPICAL TERM
Topical term or geographic name as entry element Christian life
General subdivision Catholic authors.
9 (RLIN) 14444
942 ## - ADDED ENTRY ELEMENTS (KOHA)
Source of classification or shelving scheme Library of Congress Classification
Koha item type Monograph ( Printed materials)
Holdings
Withdrawn status Lost status Source of classification or shelving scheme Damaged status Not for loan Collection code Home library Current library Shelving location Date acquired Total Checkouts Full call number Barcode Date last seen Price effective from Koha item type
    Library of Congress Classification     Main Collection ARRUPE LIBRARY ARRUPE LIBRARY Main Collection 21/01/2015   BX2350.2.H3547 46500003026 22/11/2017 21/01/2015 Monograph ( Printed materials)

 

Arrupe Library. PO Box MP320 Mt Pleasant, Harare, Zimbabwe
263 242 745411|librarian@aju.ac.zw